00780 a2200193 4500010001400000020002300014035001300037037001500050082001200065111010500077245019100182260003700373270008800410300002200498700001600520700001600536700001800552700001600570 aENG-88519 a8189547143c650.00 aEN-72052 bDBAD / PUB14a670.285 1aNational Conference on Automation in Manufacturing TechnologycNew Delhi (India)dMarch 24-25, 2006: 1a Automation in manufacturing technologycedited by S.C. Gupta ... [et al]bproceedings of national conference, March 24-25,2006 organized by Northern India Engineering College, New Delhi aDelhibWisdom Publicationsc2006 aC-14, D.S.I.D.C. Work Centre, Jhilmil Colony,bDelhie110 095k22162365, 9891185157 a446p.c24cm (Hb) aGupta, S.C. aArora, S.S. aSharma, Rishu aMohit Singh